000 00702nas a2200253 4500
001 BR9403560
003 BR-BrBNA
005 20231205093651.0
007 ta
008 230509b bl.|||p| |||| 00| 00por d
040 _aBR-BrBNA
_bpor
_cBiblioteca Nacional de Agricultura
041 _a(Pt)
072 _aH10
100 1 _aAnon.
245 1 _aVespa-da-madeira; guerra sem fronteiras
650 _aVespa-da-Madeira
650 _aPraga de Planta
650 _aEucalipto
650 _aNematoide
650 _aControle Biologico
773 0 _tGlobo Rural (Brazil)
_xISSN 0102-6178
_g(Jun 1994), v. 9(104) p. 9-12
_wBR9403560
909 _a202311
_bLúcia
_c55
_dLúcia Elande
942 _2AGRIS
_n0
_cANA
999 _c139756
_d139756